000 00780nam a2200253 i 4500
003 DO-SdBNP
005 20230915092822.0
007 ta
008 100305s1978 dr 000 0 spa d
040 _aDO-SdBNP
_bspa
_cBNPHU
_erda
082 _a199.7293
_bC794f
100 _aCordero, Armando
_936629
245 1 3 _aLa filosofía en Santo Domingo /
_cArmándo Cordero.
264 1 _aSanto Domingo :
_bHorizontes de América,
_c1978.
300 _a278 páginas
_c22 cm.
336 _2rdacontent
_atexto
_btxt
337 _2rdamedia
_asin mediación
_bn
338 _2rdacarrier
_avolumen
_bnc
500 _aIncluye notas al pie de las páginas
590 _aInventariado, 2023/ YL
650 4 _aFilosofía
_zRepública Dominicana
_95667
910 _aYLockward
942 _2ddc
_cLBS1
999 _c54770
_d54770